[Event "Open A"]
[Site "Klatovy CZE"]
[Date "2007.07.06"]
[Round "7"]
[White "Forman,M"]
[Black "Herejk,P"]
[Result "1/2-1/2"]
[WhiteElo "2061"]
[BlackElo "2160"]

1.d4 Nf6 2.Bg5 c5 3.Nc3 e6 4.Ne4 Nc6 5.dxc5 Bxc5 6.Bxf6 gxf6 7.c3 Be7 8.Nd6+ Bxd6
9.Qxd6 Qe7 10.Qd2 d5 11.O-O-O Bd7 12.e4 dxe4 13.Qf4 f5 14.Qc7 Bc8 15.Qg3 a6
16.Nh3 e5 17.Qg7 Qf8 18.Qf6 Rg8 19.Bc4 Rg6 20.Qh4 Qg7 21.Qh5 Bd7 22.g3 Qh6+
23.Qxh6 Rxh6 24.Ng5 Nd8 25.Nxf7 Nxf7 26.Bxf7+ Ke7 27.Bd5  1/2-1/2

[Event "ch-IRL"]
[Site "Dublin IRL"]
[Date "2007.07.07"]
[Round "8"]
[White "Orr,M"]
[Black "O'Connell,G"]
[Result "1/2-1/2"]
[WhiteElo "2293"]
[BlackElo "2146"]

1.d4 Nf6 2.Bg5 c5 3.d5 Qb6 4.Nc3 Qxb2 5.Bd2 Qb6 6.e4 e5 7.f4 d6 8.f5 h5 9.Nf3 Nbd7
10.Rb1 Qd8 11.Be2 Be7 12.O-O a6 13.a4 b6 14.Kh1 Rb8 15.Bc4 Ng4 16.Qe2 Ra8
17.Kg1 h4 18.Nd1 Ngf6 19.Nf2 Nh7 20.Nh3 Ndf8 21.Rb3 Rg8 22.Rfb1 Nd7 23.Nf2 g6
24.Ng4 g5 25.Ne1 Nhf6 26.Nxf6+ Bxf6 27.Nd3 Qe7 28.Nf2 Qf8 29.g4 Bd8 30.Bd3 f6
31.c4 Qe7 32.h3 Bc7 33.Nd1 Kf7 34.Nc3 Qd8 35.Ra1 a5  1/2-1/2

[Event "South Wales Masters"]
[Site "Caerleon WLS"]
[Date "2007.07.08"]
[Round "2"]
[White "Dobrov,V"]
[Black "Van Kemenade,R"]
[Result "1-0"]
[WhiteElo "2504"]
[BlackElo "2044"]

1.d4 Nf6 2.Bg5 c5 3.d5 Qb6 4.Nc3 h6 5.Bd2 d6 6.e4 Nbd7 7.a4 a6 8.a5 Qxb2
9.f3 e6 10.Ra2 Qb4 11.Nce2 Qc4 12.Nc1 Qd4 13.Nge2 Qe5 14.Nd3 Qh5 15.Ndf4 Qe5
16.Bc3 Qg5 17.h4  1-0

[Event "Kaupthing Open"]
[Site "Differdange LUX"]
[Date "2007.07.08"]
[Round "3"]
[White "Wehmeier,S"]
[Black "Gretarsson,Hj"]
[Result "1-0"]
[WhiteElo "2417"]
[BlackElo "2168"]

1.d4 d5 2.Bg5 Nf6 3.Bxf6 exf6 4.e3 Be6 5.Nd2 Be7 6.Bd3 O-O 7.Ne2 Nd7 8.Nf4 c5
9.c3 Bd6 10.Qh5 g6 11.Qf3 cxd4 12.cxd4 Re8 13.O-O Nb6 14.h3 Bf8 15.a4 Qd6
16.Nb3 Nd7 17.a5 a6 18.g4 Bg7 19.Ne2 b6 20.Qf4 Qc6 21.axb6 Qxb6 22.Na5 Nf8
23.b4 Bd7 24.Qf3 Bb5 25.Nf4 Red8 26.Nxd5 Rxd5 27.Bxb5 Rad8 28.Bc4 R5d7 29.Nc6 Re8
30.Rxa6 Qc7 31.d5 Qc8 32.Rd1 h6 33.b5 Nh7 34.h4  1-0

[Event "Open A"]
[Site "Klatovy CZE"]
[Date "2007.07.08"]
[Round "9"]
[White "Forman,M"]
[Black "Vlcek,M"]
[Result "1/2-1/2"]
[WhiteElo "2061"]
[BlackElo "1892"]

1.d4 Nf6 2.Bg5 d5 3.Nd2 e6 4.Ngf3 Be7 5.e3 Nbd7 6.Bd3 c5 7.c3 h6 8.Bh4 c4
9.Bc2 b5 10.O-O Bb7 11.Qe2 O-O 12.Rad1 Ne4 13.Bxe7 Qxe7 14.Nxe4 dxe4 15.Nd2 Nf6
16.f3 exf3 17.Nxf3 Be4 18.Bxe4 Nxe4 19.Ne5 Rac8 20.Rf4 Qb7 21.Rdf1 f5 22.Rc1  1/2-1/2

[Event "ch-NOR"]
[Site "Hamar NOR"]
[Date "2007.07.09"]
[Round "3"]
[White "Urkedal,F"]
[Black "Lie,K"]
[Result "0-1"]
[WhiteElo "2235"]
[BlackElo "2536"]

1.d4 Nf6 2.Bg5 c5 3.Nc3 d5 4.Bxf6 gxf6 5.e4 dxe4 6.dxc5 f5 7.Bb5+ Nc6 8.Qd5 e6
9.Qe5 f6 10.Qg3 Bxc5 11.Qg7 Rf8 12.Be2 Ne5 13.Qxh7 Bd7 14.Bh5+ Nf7 15.Nge2 Qc7
16.Rd1 b5 17.a3 a5 18.Nd4 b4 19.Ncb5 Qb6 20.a4 O-O-O 21.Bxf7 Bxb5 22.Bxe6+ Kb8
23.Qxf5 Ba6 24.c3 bxc3 25.bxc3 Rxd4 26.Rxd4 Bxd4 27.cxd4 Qb4+ 28.Kd1 Qxd4+
29.Kc2 Bd3+ 30.Kb3 Qb4+ 31.Ka2 Qxa4+ 32.Kb2 Qb4+ 33.Ka2 Qd2+ 34.Ka1 Qc3+
35.Ka2 Ka7 36.Rc1 Qd2+ 37.Kb3 Rb8+ 38.Ka4  0-1

[Event "6th Open"]
[Site "La Fere FRA"]
[Date "2007.07.09"]
[Round "3"]
[White "Hutin,E"]
[Black "Deiller,P"]
[Result "1/2-1/2"]
[WhiteElo "1910"]
[BlackElo "2084"]


1.d4 Nf6 2.Bg5 c5 3.d5 Qb6 4.Bc1 g6 5.c4 Qb4+ 6.Nd2 b5 7.b3 Bg7 8.Bb2 bxc4
9.a3 Qa5 10.bxc4 O-O 11.Qc2 d6 12.e4 Nbd7 13.f4 Ng4 14.Bxg7 Kxg7 15.Qd3 Nb6
16.Be2 Na4 17.Rb1 Nf6 18.Nf3 Qc3 19.e5 Ng4 20.Qxc3 Nxc3 21.Rb3 Na4 22.h3 Nh6
23.g4 Ba6 24.Kf2 Rad8 25.Ne4  1/2-1/2

[Event "Campeonato Continental Absolut"]
[Site "Cali COL"]
[Date "2007.07.10"]
[Round "1"]
[White "Uribe,M"]
[Black "Montano,H"]
[Result "1-0"]
[WhiteElo "2351"]
[BlackElo "2108"]

1.d4 Nf6 2.Bg5 d5 3.Nd2 Bf5 4.Ngf3 e6 5.Nh4 h6 6.Bxf6 Qxf6 7.Nxf5 exf5 8.c3 Nc6
9.e3 O-O-O 10.Bb5 Ne7 11.O-O h5 12.Be2 g5 13.c4 g4 14.Qb3 f4 15.cxd5 Bh6
16.Ne4 Qg6 17.Nc5 b6 18.Ba6+ Kb8 19.Bd3 Qd6 20.Na6+ Kb7 21.e4 f5 22.Rfc1 Rc8
23.Rc3 f3 24.Qb5 Rhd8 25.Nc5+ Ka8 26.Ra3  1-0

[Event "ch-SCO"]
[Site "Cumbernauld SCO"]
[Date "2007.07.10"]
[Round "4"]
[White "Stevenson,J"]
[Black "Spencer,E"]
[Result "0-1"]
[WhiteElo "2078"]
[BlackElo "2203"]

1.d4 Nf6 2.Bg5 d5 3.Bxf6 exf6 4.e3 c6 5.c4 dxc4 6.Bxc4 Be6 7.Bxe6 fxe6 8.Qb3 Qd7
9.Nc3 Na6 10.Nf3 Be7 11.O-O O-O 12.Rad1 b5 13.e4 Nc7 14.d5 b4 15.dxc6 Qxc6
16.Nd4 Qa6 17.Na4 Rfd8 18.Qc2 Rdc8 19.Qc6 Qxc6 20.Nxc6 Bf8 21.Rd7 e5 22.Rfd1 Nb5
23.Rd8 Kf7 24.R8d7+ Ke8 25.R7d5 Nc7 26.Rd7 Nb5 27.R7d5 Nc7 28.Rd7 Ne6 29.Nxa7 Rc2
30.b3 Nd4 31.Rb7 Rxa2 32.Nb5 Nxb5 33.Rxb5 Rc8 34.h4 Re2 35.Rb7 Rxe4 36.Nb6 Rd4
37.Rxd4 Rc1+ 38.Rd1 Rxd1+ 39.Kh2 Rd3 40.h5 e4 41.h6 gxh6 42.Rxh7 Bc5 43.Nc4 Bxf2
44.g4 Bg3+ 45.Kg2 Bf4 46.Kf2 Rxb3 47.Na5 Rb2+ 48.Ke1 e3  0-1

[Event "XIII Jorge Alvarez Mem"]
[Site "El Ejido ESP"]
[Date "2007.07.10"]
[Round "2"]
[White "Romero Lopez,M"]
[Black "Huerga Leache,M"]
[Result "0-1"]
[WhiteElo "2004"]
[BlackElo "2370"]

1.d4 Nf6 2.Bg5 c5 3.Bxf6 gxf6 4.d5 d6 5.c3 f5 6.g3 Qb6 7.Qb3 Nd7 8.Bg2 Bh6
9.Na3 Nf6 10.e3 Bd7 11.Nc4 Qa6 12.Nd2 Bg7 13.Nh3 h5 14.Nf4 h4 15.Bf1 b5 16.Bg2 Ng4
17.O-O Qb6 18.Qc2 Be5 19.Nf3 Bf6 20.Rfe1 O-O-O 21.Rab1 Rdg8 22.Rec1 Be5 23.Nxh4 c4
24.Nxf5 Kd8 25.h3 Bxf5 26.Qxf5 Nxe3 27.Qe4 Nxg2 28.Kxg2 Qb7 29.Qf3 Rh6 30.Rd1 Qd7
31.Rh1 Rf6 32.Kh2 Qf5 33.Rbg1 Rh6 34.Qe3 Ke8 35.Qxa7 f6 36.Qe3 Rh4 37.Re1 Rxf4  0-1

[Event "Middlesex vs Young England"]
[Site "London ENG"]
[Date "2007.07.12"]
[Round "4"]
[White "Fowler,S"]
[Black "Crouch,C"]
[Result "0-1"]
[WhiteElo "2204"]
[BlackElo "2370"]

1.d4 Nf6 2.Bg5 d5 3.Bxf6 gxf6 4.c4 dxc4 5.e4 f5 6.Bxc4 fxe4 7.Nc3 Bg7 8.Qh5 O-O
9.O-O-O Qd6 10.Nxe4 Qf4+ 11.Kb1 Bf5 12.f3 Bg6 13.Qb5 Nc6 14.Ne2 Qe3 15.Rhe1 a6
16.Qxb7 Na5 17.Qxc7 Nxc4 18.Qxc4 e5 19.Ka1 Rfc8 20.Qd5 Rd8 21.Qc6 Rac8 22.Qxa6 exd4
23.Nxd4 Qf4 24.Nc6 Rxd1+ 25.Rxd1 Re8 26.a4 Bxe4 27.fxe4 Qxe4 28.Qb5 Qc2 29.Ne7+ Kf8
30.Rd7 Ra8 31.Ra7 Rd8 32.Rd7 Rxd7  0-1

[Event "22nd North Sea Cup"]
[Site "Esbjerg DEN"]
[Date "2007.07.13"]
[Round "1"]
[White "Lindestrom,T"]
[Black "Nielsen,Mari"]
[Result "1-0"]
[WhiteElo "2229"]
[BlackElo "1834"]

1.d4 Nf6 2.Bg5 d5 3.e3 Ne4 4.Bf4 e6 5.Bd3 Nf6 6.Nf3 c5 7.c3 Nc6 8.Nbd2 c4
9.Bc2 Bd6 10.Bg5 h6 11.Bxf6 Qxf6 12.e4 Qd8 13.O-O g5 14.exd5 exd5 15.Re1+ Be6
16.Nxc4 Kf8 17.Nxd6 Qxd6 18.Ne5 Ne7 19.Qf3 Kg7 20.Re2 Ng6 21.Nxg6 fxg6 22.Rae1 Rae8
23.Bb3 Rhf8 24.Qg3 Rf4 25.Re5 Bd7 26.Rxe8  1-0

[Event "Inautomarket Open"]
[Site "Minsk BLR"]
[Date "2007.07.13"]
[Round "4"]
[White "Trifonov,D"]
[Black "Teterev,V"]
[Result "1/2-1/2"]
[WhiteElo "2292"]
[BlackElo "2500"]

1.d4 Nf6 2.Bg5 c5 3.Bxf6 gxf6 4.d5 Qb6 5.Qc1 f5 6.c4 Bg7 7.Nc3 d6 8.e3 Nd7
9.Nf3 Nf6 10.Qc2 Ne4 11.Rc1 Bd7 12.Bd3 Nxc3 13.bxc3 e6 14.O-O O-O-O 15.Rfe1 Kb8
16.e4 f4 17.Qd2 e5  1/2-1/2

[Event "22nd North Sea Cup"]
[Site "Esbjerg DEN"]
[Date "2007.07.14"]
[Round "2"]
[White "Nielsen,Henr"]
[Black "Pedersen,JaR"]
[Result "0-1"]
[WhiteElo "1996"]
[BlackElo "2215"]

1.d4 Nf6 2.Bg5 c5 3.d5 Qb6 4.Bc1 g6 5.f3 Bg7 6.e4 d6 7.c4 O-O 8.Bd3 e6 9.Nc3 exd5
10.exd5 Nbd7 11.Nge2 Ne5 12.O-O Re8 13.Ng3 a6 14.Nce4 Nxe4 15.fxe4 Bd7 16.Rb1 Qa5
17.Bg5 b5 18.b3 Qxa2 19.Rf2 Qa5 20.h3 Qc3 21.Rd2 bxc4 22.Ne2 Qa5 23.bxc4 Bxh3
24.Qb3 Bg4 25.Ng3 Qc7 26.Rf1 Reb8 27.Qc2 a5 28.Rdf2 a4 29.Bd2 Rb3 30.Ne2 Rxd3
31.Bf4 Bxe2 32.Qxe2 Rb3 33.Bxe5 Bxe5 34.Rxf7 Qxf7 35.Rxf7 Kxf7 36.Qg4 Rb7  0-1

[Event "SCCF State Championship"]
[Site "Los Angeles USA"]
[Date "2007.07.14"]
[Round "6"]
[White "Del Pilar,R"]
[Black "Bryant,J"]
[Result "1-0"]
[WhiteElo "2252"]
[BlackElo "2167"]

1.d4 Nf6 2.Bg5 g6 3.Bxf6 exf6 4.Nc3 f5 5.e3 Bg7 6.Nge2 O-O 7.h4 c5 8.dxc5 Na6
9.Qd6 Qa5 10.h5 Nxc5 11.O-O-O Be5 12.Qe7 d6 13.hxg6 hxg6 14.Rd5 Bg7 15.Qxd6 b6
16.Nd4 Bb7 17.Bc4 Rfd8 18.Qxg6 Bxd5 19.Qh7+ Kf8 20.Nxf5 Ke8 21.Bb5+ Qxb5
22.Nxg7+ Kd7 23.Nxb5 Kc6 24.Nd4+ Kb7 25.Ngf5 Rac8 26.Qh2 Rc7 27.Nd6+ Ka6
28.Qg3 Bxa2 29.e4 Bb3 30.Nxb3 b5 31.Nxc5+ Kb6 32.Nc4+ bxc4 33.Rh6+ Rc6 34.Na4+ Kb7
35.Qg5 Rxh6 36.Qxd8 Rh1+ 37.Kd2 Rf1 38.Qd7+ Ka6 39.Qc6+ Ka5 40.Qc5+  1-0

[Event "Canadian Open"]
[Site "Ottawa CAN"]
[Date "2007.07.14"]
[Round "9"]
[White "Tu Hoang Thong"]
[Black "Vul,A"]
[Result "1-0"]
[WhiteElo "2483"]
[BlackElo "2312"]

1.d4 Nf6 2.Bg5 d5 3.e3 e6 4.Nd2 Nbd7 5.f4 Be7 6.Bd3 c5 7.c3 b6 8.Ngf3 Bb7
9.Ne5 Nxe5 10.fxe5 Nd7 11.Bf4 O-O 12.Qg4 Kh8 13.O-O Bc8 14.Qh3 g6 15.Bh6 f5
16.exf6 Rxf6 17.Qg3 a5 18.Nf3 Ba6 19.Bxa6 Rxa6 20.Ne5 Nxe5 21.Qxe5 b5 22.Rf3 Kg8
23.Raf1  1-0

[Event "Open"]
[Site "Ghent BEL"]
[Date "2007.07.15"]
[Round "3"]
[White "Duijker,R"]
[Black "Vajda,L"]
[Result "0-1"]
[WhiteElo "2208"]
[BlackElo "2547"]

1.d4 Nf6 2.Bg5 d5 3.Bxf6 gxf6 4.e3 c6 5.c4 Nd7 6.cxd5 cxd5 7.Nc3 e6 8.g3 f5
9.Bg2 Nb6 10.Nge2 Bd7 11.O-O Rc8 12.Rc1 Bb4 13.Qd3 Nc4 14.Bxd5 Nxb2 15.Qb1 Ba3
16.Bb3 b5 17.Rc2 b4 18.Nd1 Na4 19.e4 O-O 20.exf5 exf5 21.Ne3 Re8 22.Qd1 Nb6
23.Nf4 Rxc2 24.Bxc2 Qf6 25.Qh5 h6 26.Bxf5 Rxe3 27.fxe3 Qxf5 28.Qxh6 Bb5 29.e4 Qd7
30.Nh5 Qxd4+ 31.Rf2 Nd7 32.Qg5+ Kh8 33.Qxb5 Bc1 34.Qd5 Be3 35.Qxd4+ Bxd4
36.Kf1 Bxf2 37.Kxf2 a5 38.Ke3 a4 39.Kd4 Nc5 40.Kc4 b3 41.Kc3 a3  0-1

[Event "Open"]
[Site "Ghent BEL"]
[Date "2007.07.16"]
[Round "6"]
[White "Nieto,E"]
[Black "Alienkin,A"]
[Result "1/2-1/2"]
[WhiteElo "2218"]
[BlackElo "2407"]

1.d4 Nf6 2.Bg5 d5 3.Bxf6 exf6 4.e3 c6 5.c4 dxc4 6.Bxc4 Bd6 7.Nc3 O-O 8.Nf3 Bg4
9.h3 Bxf3 10.Qxf3 Nd7 11.O-O Re8 12.Rfd1 Qe7 13.a3 a6 14.Bf1 g6 15.g4 Kg7
16.Bg2 Rh8 17.Qe4 Qd8 18.Bf3 Qa5 19.h4 Rae8 20.Qd3 Bb8 21.Kg2 Qc7 22.Rh1 Rd8
23.Qc2 Rhe8 24.Ne2 Nf8  1/2-1/2

[Event "Heart of Finland"]
[Site "Jyvaskyla FIN"]
[Date "2007.07.16"]
[Round "2"]
[White "Mertanen,J"]
[Black "Kainulainen,J"]
[Result "1-0"]
[WhiteElo "2300"]
[BlackElo "2039"]

1.d4 Nf6 2.Bg5 d5 3.Bxf6 exf6 4.e3 Bd6 5.g3 c6 6.Nd2 Be6 7.Bg2 Nd7 8.Ne2 h5
9.h4 Qe7 10.Rc1 Bg4 11.c4 dxc4 12.Nxc4 Bb4+ 13.Kf1 O-O 14.a3 Bd6 15.Qb3 Rab8
16.Nxd6 Qxd6 17.Qc3 Rbc8 18.b4 b6 19.f3 Be6 20.Kf2 c5 21.Rhd1 cxd4 22.Qxd4 Qe5
23.Nf4 Rxc1 24.Rxc1 Re8 25.Bf1 g6 26.Rd1 Bb3 27.Rd3 Qxd4 28.exd4 Bc4 29.Rc3 Bxf1
30.Kxf1 a5 31.b5 Kg7 32.Kf2 Rd8 33.Rc6 Rb8 34.Rc7 Nf8 35.a4 f5 36.Ke3 Kf6
37.d5 Re8+ 38.Kd4 Re1 39.Rc6+ Ke7 40.Rxb6 Ra1 41.d6+ Kd7 42.Nd3 Rxa4+ 43.Kd5 Ne6
44.Nc5+ Nxc5 45.Kxc5 Ra1 46.Rb7+ Ke8 47.Re7+ Kf8 48.b6 a4 49.b7 Rb1 50.Rc7 Kg7
51.d7 Rc1+ 52.Kd6 Rd1+ 53.Ke7 Re1+ 54.Kd8 Rb1 55.Kc8 a3  1-0

[Event "Heart of Finland"]
[Site "Jyvaskyla FIN"]
[Date "2007.07.18"]
[Round "5"]
[White "Karttunen,M"]
[Black "Savola,L"]
[Result "1-0"]
[WhiteElo "2447"]
[BlackElo "2002"]

1.d4 Nf6 2.Bg5 d5 3.Bxf6 exf6 4.e3 c6 5.Nd2 Qb6 6.Qc1 Be6 7.Ne2 Bd6 8.g3 Nd7
9.Bg2 f5 10.O-O Qa6 11.Re1 O-O 12.Nf4 Rac8 13.Bf1 Qb6 14.c4 Bxf4 15.c5 Qd8
16.exf4 b6 17.b4 a5 18.a3 Rb8 19.Qc3 axb4 20.axb4 Nf6 21.f3 Bd7 22.Ra7 Re8
23.Re5 g6 24.Nb3 Be6 25.Re1 Kg7 26.Nc1 Re7 27.Ra3 Nd7 28.Nd3 Re8 29.Rea1 f6
30.b5 bxc5 31.bxc6 cxd4 32.Qc1 Rc8 33.cxd7 Rxc1 34.dxe8=N+ Qxe8 35.Rxc1 Bf7
36.Re1 Qb8 37.Re7  1-0

[Event "Heart of Finland"]
[Site "Jyvaskyla FIN"]
[Date "2007.07.18"]
[Round "6"]
[White "Kanep,M"]
[Black "Niemi,K"]
[Result "1-0"]
[WhiteElo "2515"]
[BlackElo "2264"]

1.d4 Nf6 2.Bg5 c5 3.Bxf6 gxf6 4.d5 Qb6 5.Qc1 f5 6.c4 Bg7 7.Nc3 d6 8.e3 Nd7
9.Qc2 Nf6 10.Bd3 O-O 11.Nge2 e6 12.h3 Qa5 13.dxe6 fxe6 14.O-O Bd7 15.e4 fxe4
16.Nxe4 Nxe4 17.Bxe4 h6 18.Qd3 Qa6 19.Qc2 Rad8 20.Ng3 Be8 21.Qe2 d5 22.Bd3 b5
23.cxb5 Qd6 24.Rad1 Rf4 25.b3 Bd4 26.Rde1 Bf7 27.Bb1 Rf6 28.Qg4+ Kh8 29.Ne2 Rg8
30.Qh4 e5 31.Nxd4 cxd4 32.f3 Rf4 33.Qf2 Qf6 34.Qe2 Rg5 35.Kh2 Rh4 36.g3 Rhh5
37.Qf2 Be6 38.g4 Qf4+ 39.Qg3 Qd2+ 40.Kh1 e4 41.Qh2 Qxh2+ 42.Kxh2 Bxg4 43.fxg4 Rxg4
44.Rc1 d3 45.Rc8+ Rg8 46.Rxg8+ Kxg8 47.Kg3 d2 48.Rd1 e3 49.Bd3 Rf5 50.a4 Rf2
51.a5 e2 52.Bxe2 Rxe2 53.Kf3 Rh2 54.Kg4 Rg2+ 55.Kf4 d4 56.b6 axb6 57.a6 Rg7
58.Rxd2 Rd7 59.Ke4 d3 60.b4 b5 61.Rxd3  1-0

[Event "Middlesex vs Young England"]
[Site "London ENG"]
[Date "2007.07.18"]
[Round "8"]
[White "Bennet,W"]
[Black "Crouch,C"]
[Result "0-1"]
[WhiteElo "2144"]
[BlackElo "2370"]

1.d4 Nf6 2.Bg5 d5 3.Bxf6 gxf6 4.c4 dxc4 5.e3 Be6 6.Na3 c5 7.Qa4+ Nc6 8.dxc5 Qd5
9.Qxc4 O-O-O 10.Nf3 Rg8 11.Qxd5 Bxd5 12.Nc2 e5 13.a3 Bxc5 14.b4 Bb6 15.O-O-O a5
16.Kb2 axb4 17.Nxb4 Nxb4 18.axb4 Bxf3 19.Rc1+ Bc6 20.b5 Rd2+ 21.Kb1 Rxf2
22.bxc6 Bxe3 23.Rc3 Bd4 24.cxb7+ Kxb7 25.Rb3+ Kc7 26.g3 Ra8  0-1

[Event "XII Open"]
[Site "Balaguer ESP"]
[Date "2007.07.19"]
[Round "4"]
[White "Bhat,V"]
[Black "Ramoneda Rumi,A"]
[Result "1-0"]
[WhiteElo "2450"]
[BlackElo "2205"]

1.d4 Nf6 2.Bg5 c5 3.d5 Qb6 4.Nc3 Qxb2 5.Bd2 Qb6 6.e4 d6 7.f4 g6 8.e5 Nfd7
9.Nf3 dxe5 10.fxe5 Bg7 11.Rb1 Qc7 12.d6 Qd8 13.dxe7 Qxe7 14.Bg5 Qe6 15.Nd5 Bxe5
16.Bc4 Qd6 17.Be7  1-0

[Event "Heart of Finland"]
[Site "Jyvaskyla FIN"]
[Date "2007.07.20"]
[Round "9"]
[White "Karttunen,M"]
[Black "Luukkonen,T"]
[Result "1-0"]
[WhiteElo "2447"]
[BlackElo "2197"]

1.d4 Nf6 2.Bg5 c5 3.d5 Ne4 4.Bf4 Qb6 5.Bc1 e6 6.f3 Nf6 7.e4 exd5 8.exd5 d6
9.c4 Be7 10.Bd3 O-O 11.Nc3 Na6 12.Nge2 Nd7 13.f4 Bh4+ 14.g3 Bf6 15.O-O Re8
16.a3 Bd4+ 17.Kg2 Nf6 18.h3 Bd7 19.Qc2 Qd8 20.Bd2 Nc7 21.Nxd4 cxd4 22.Ne2 Qc8
23.f5 Ncxd5 24.Nxd4 Qc5 25.Nf3 Bxf5 26.b4 Qb6 27.Bxf5 Re2+ 28.Kh1 Nh5 29.c5 dxc5
30.Rg1 cxb4 31.Qd3 Rf2 32.Be1 Ndf6 33.Bxf2 Qxf2 34.Nh2 Re8 35.Raf1 Qb6 36.Rf3 g6
37.g4 Ng7 38.g5 Nfh5 39.Bd7 Rd8 40.Ng4  1-0

[Event "2nd Crete Summer Cup"]
[Site "Agios Nikolaos GRE"]
[Date "2007.07.21"]
[Round "1"]
[White "Gogolis,A"]
[Black "Nikolaidou,E"]
[Result "1-0"]
[WhiteElo "2289"]
[BlackElo "1862"]

1.d4 d5 2.Bg5 Nf6 3.Bxf6 exf6 4.e3 Bf5 5.Nd2 Bd6 6.g3 O-O 7.Bg2 c6 8.Ne2 Na6
9.O-O Qd7 10.c4 Bh3 11.cxd5 cxd5 12.Nc3 Bxg2 13.Kxg2 Bb4 14.Rc1 Nc7 15.Qa4 Qxa4
16.Nxa4 Ne6 17.Nb1 f5 18.a3 Be7 19.Nac3 Rfd8 20.Rc2 f4 21.gxf4 f5 22.Nd2 g5
23.fxg5 Bxg5 24.f4 Bf6 25.Nf3 Rac8 26.Rfc1 Kf8 27.Ne2 Rxc2 28.Rxc2 Ke7 29.Ng3 Ng7
30.Ne5 Bxe5 31.fxe5 Ke6 32.Ne2 Rd7 33.Nf4+ Ke7 34.Kf3 Kf7 35.Rc5 Ne6 36.Rxd5 Ng5+
37.Ke2 Rxd5 38.Nxd5 Ke6 39.Nf4+ Ke7 40.Kd3 Ne4 41.d5 b6 42.b4 a6 43.Kd4 Kd7
44.h4 Nd2 45.e6+ Kd6 46.h5 Nf3+ 47.Kc3 Ne5 48.a4 Ng4 49.Kd4 Ne5 50.e4 Nf3+
51.Ke3 fxe4 52.Kxe4 Ng5+ 53.Kf5  1-0

[Event "2nd Crete Summer Cup"]
[Site "Agios Nikolaos GRE"]
[Date "2007.07.22"]
[Round "2"]
[White "Ignatiadis,K"]
[Black "Erwich,Frans"]
[Result "1-0"]
[WhiteElo "2277"]
[BlackElo "2070"]

1.d4 Nf6 2.Bg5 c5 3.Bxf6 gxf6 4.c3 Qb6 5.Qd2 Bh6 6.e3 f5 7.Ne2 Nc6 8.g3 d6
9.Bg2 e5 10.d5 Ne7 11.O-O Bd7 12.a4 a6 13.Na3 Qc7 14.b3 Rb8 15.Nc4 Bg7 16.a5 O-O
17.Nb6 Bb5 18.c4 Be8 19.Rab1 Nc8 20.Bh3 Nxb6 21.axb6 Qxb6 22.Bxf5 Qc7 23.Qd3 h6
24.g4 b5 25.Ng3 Bd7 26.Qe4 bxc4 27.bxc4 Rb4 28.h4 Rfb8 29.Rbc1 Qd8 30.Bxd7 Qxd7
31.Nf5 Bf8 32.g5 Kh8 33.Kg2 Bg7 34.Kf3 h5 35.Kg2 Ra4 36.Qf3 Kg8 37.e4 Rbb4
38.Qxh5 Rxc4 39.Rxc4 Rxc4 40.Qg4 Kf8 41.Ra1 Ra4 42.Rxa4 Qxa4 43.Nxd6 Ke7
44.Nf5+ Kf8 45.h5 Kg8 46.h6 Bf8 47.g6 fxg6 48.Qxg6+ Kh8 49.Ne7  1-0

[Event "29th Politiken Cup"]
[Site "Copenhagen DEN"]
[Date "2007.07.22"]
[Round "3"]
[White "Corke,A"]
[Black "Ringoir,G"]
[Result "1-0"]
[WhiteElo "2149"]
[BlackElo "1938"]

1.d4 Nf6 2.Bg5 c5 3.Bxf6 exf6 4.dxc5 Bxc5 5.e3 O-O 6.Nd2 Re8 7.Bd3 d5 8.c3 Nc6
9.Ne2 Ne5 10.Nb3 Nxd3+ 11.Qxd3 Bb6 12.Nf4 Re5 13.Nd4 g5 14.Nfe2 Qe7 15.Nf3 Bf5
16.Qd1 Re8 17.Nxe5 Qxe5 18.O-O Bg4 19.Qd2 h5 20.Nd4 h4 21.Rae1 h3 22.g3 Bxd4
23.exd4 Qb8 24.Rxe8+ Qxe8 25.f3 Bh5 26.Re1 Qd7 27.Qe2 Kg7 28.g4 Bg6 29.Qf1 f5
30.Qxh3 fxg4 31.Qxg4 Qd8 32.Qg3 f6 33.Re6 Bf7 34.Qd6 Qc8 35.Rxf6 Qh3 36.Qe7 Qh5
37.Rf5 Qh7 38.Rxf7+  1-0

[Event "11th Festival Open A"]
[Site "Senta SRB"]
[Date "2007.07.22"]
[Round "2"]
[White "Ostojic,N1"]
[Black "Djokic,Neb"]
[Result "1-0"]
[WhiteElo "2404"]
[BlackElo "2252"]

1.d4 Nf6 2.Bg5 g6 3.Bxf6 exf6 4.e3 Bg7 5.c4 O-O 6.Nc3 d6 7.g3 f5 8.Bg2 Nd7
9.Nge2 Nf6 10.b4 Re8 11.Qc2 Qe7 12.Nd5 Qd8 13.Nxf6+ Qxf6 14.O-O c6 15.b5 Bd7
16.bxc6 Bxc6 17.Bxc6 bxc6 18.Qa4 c5 19.dxc5 dxc5 20.Rac1 h5 21.Nf4 Re4 22.Nd5 Qd8
23.Rfd1 h4 24.Nc3 Qe8 25.Qxe8+ Rexe8 26.Nd5 Rab8 27.Rb1 hxg3 28.hxg3 Kf8
29.Kf1 Be5 30.Ke2 Rxb1 31.Rxb1 Re6 32.f4 Bf6 33.Rb8+ Kg7 34.Nc7 Rc6 35.Ne8+ Kh6
36.Rb7 Ba1 37.Rb1  1-0

[Event "MTO"]
[Site "Biel SUI"]
[Date "2007.07.23"]
[Round "1"]
[White "Martinez,Vin"]
[Black "Cvitan,O"]
[Result "0-1"]
[WhiteElo "2168"]
[BlackElo "2529"]

1.d4 Nf6 2.Bg5 d5 3.Nd2 Nbd7 4.Ngf3 g6 5.e3 Bg7 6.Be2 O-O 7.O-O Re8 8.c4 c5
9.cxd5 Nxd5 10.Qb3 N5f6 11.Rfd1 cxd4 12.Nxd4 a6 13.Rac1 Qa5 14.Bh4 Nc5 15.Qc4 Ne6
16.N2b3 Qb6 17.Bf3 Nf8 18.Qc5 Qxc5 19.Nxc5 e5 20.Ndb3 Rb8 21.Na5 e4 22.Bxf6 Bxf6
23.Nxe4 Bxb2 24.Rb1 Bf5 25.Rxb2 Bxe4 26.Bxe4 Rxe4 27.Rxb7 Rxb7 28.Nxb7 Ra4
29.Rd2 Rb4  0-1

[Event "IMA"]
[Site "Dimitrov RUS"]
[Date "2007.07.23"]
[Round "2"]
[White "Kavalenia,L"]
[Black "Yaksin,O"]
[Result "0-1"]
[WhiteElo "2289"]
[BlackElo "2231"]

1.d4 d5 2.Bg5 Nf6 3.Bxf6 exf6 4.e3 Be7 5.c4 dxc4 6.Bxc4 Nd7 7.Nc3 Nb6 8.Bb3 O-O
9.Qf3 c6 10.Nge2 Be6 11.Bc2 Qd7 12.h3 Nc4 13.O-O-O Qd6 14.e4 Qb4 15.Bb3 Na5
16.Bc2 Nc4 17.Bb3 Na5 18.d5 Nxb3+ 19.axb3 cxd5 20.exd5 Bd7 21.d6 Bd8 22.Nd4 Bb6
23.Qxb7 Rab8 24.Qd5 Rfc8 25.Rhe1 Rxc3+ 26.bxc3 Qxc3+ 27.Nc2 Rc8 28.Qd3 Qa1+
29.Kd2 Qb2 30.Re4 Bf5 31.Qc4 Rd8 32.Re7 Rxd6+ 33.Ke2 Re6+ 34.Rxe6 Bxe6 35.Qc6 g6
36.b4 Qb3 37.Ne3 Qxb4 38.Kf3 g5 39.Rd3 f5 40.g3 a5 41.Qe8+ Kg7 42.Nxf5+ Bxf5
43.Qe5+ Kg6 44.Rd6+ Be6 45.Rxe6+ fxe6 46.Qxe6+ Kg7 47.Qe5+ Kf7  0-1

[Event "33rd Open"]
[Site "Sitges ESP"]
[Date "2007.07.24"]
[Round "7"]
[White "Moskalenko,V"]
[Black "Movsziszian,K"]
[Result "1-0"]
[WhiteElo "2560"]
[BlackElo "2534"]

1.d4 Nf6 2.Bg5 c5 3.d5 Qb6 4.Nc3 Qxb2 5.Bd2 Qb6 6.e4 e5 7.f4 d6 8.Bb5+ Nbd7
9.Nf3 a6 10.Bxd7+ Nxd7 11.f5 Be7 12.g4 h6 13.Qe2 Qc7 14.a4 b6 15.Rb1 Nf6
16.Rg1 Bd7 17.h4 h5 18.g5 Ng4 19.Nh2 Nxh2 20.Qxh2 g6 21.Rf1 Rb8 22.Rf3 b5
23.axb5 axb5 24.fxg6 fxg6 25.Qf2 b4 26.Nd1 Rh7 27.Ne3 Qa5 28.Rf6 Qa2 29.Rc1 Rg7
30.Rxd6 Rf7 31.Rf6 Bxf6 32.gxf6 Qa6 33.d6 Qxd6 34.Nd5 Be6 35.Bg5 c4 36.Rd1 b3
37.cxb3 cxb3 38.Qb2 Ra7 39.f7+ Kxf7 40.Qf2+ Kg8 41.Nf6+ Kh8 42.Qxa7 Qb4+
43.Bd2 Qb7 44.Qxb7 Rxb7 45.Bc3 Rb5 46.Bb2 Kg7 47.Ne8+ Kh6 48.Nc7 Rb6 49.Nxe6 Rxe6
50.Rd5 g5 51.Bc1 Kg6 52.Bxg5 Rb6 53.Rd1 Rb4 54.Rb1 Rxe4+ 55.Kd2 Rd4+ 56.Kc3 Kf5
57.Rxb3 Rd7 58.Rb4 Rd6 59.Rb8 Rd7 60.Rd8 Ra7 61.Kd3 Ra3+ 62.Ke2 Rb3 63.Rf8+ Kg4
64.Rg8 Kf5 65.Bd2 Rh3 66.Be1 e4 67.Bg3  1-0

[Event "29th Politiken Cup"]
[Site "Copenhagen DEN"]
[Date "2007.07.25"]
[Round "6"]
[White "Karttunen,M"]
[Black "Soraas,T"]
[Result "1-0"]
[WhiteElo "2447"]
[BlackElo "2155"]

1.d4 Nf6 2.Bg5 c5 3.d5 Ne4 4.Bf4 Qb6 5.Bc1 e6 6.f3 Nf6 7.e4 exd5 8.exd5 Bd6
9.c4 O-O 10.Nc3 Re8+ 11.Kf2 a6 12.a4 Be5 13.Bd3 Bd4+ 14.Kf1 d6 15.Nge2 Be3
16.Bxe3 Rxe3 17.Qd2 Re8 18.g4 Nfd7 19.a5 Qd8 20.f4 Nf8 21.h3 Nbd7 22.g5 Ng6
23.h4 Ndf8 24.h5 Ne7 25.Ng3 Kh8 26.h6 gxh6 27.Nce4 Nf5 28.Nxf5 Bxf5 29.Qc3+ f6
30.Nxf6 Bxd3+ 31.Qxd3 Re7 32.Rxh6 Rg7 33.Kf2 b5 34.axb6 Qxb6 35.b3 Raa7 36.Re1 Rae7
37.Rxe7 Rxe7 38.Ne4 Ng6 39.Qc3+ Ne5 40.fxe5 Rxe5 41.Qxe5+  1-0

[Event "ITT"]
[Site "Vicente Lopez ARG"]
[Date "2007.07.26"]
[Round "4"]
[White "Real de Azua,E"]
[Black "Della Morte,P"]
[Result "0-1"]
[WhiteElo "2435"]
[BlackElo "2283"]

1.d4 Nf6 2.Bg5 d5 3.Bxf6 gxf6 4.e3 c5 5.dxc5 e6 6.c4 dxc4 7.Qxd8+ Kxd8 8.Bxc4 Bxc5
9.Ne2 Ke7 10.O-O Nc6 11.Nbc3 Ne5 12.Bb3 b6 13.Rfd1 Bb7 14.Nf4 Rhg8 15.Nce2 Rg5
16.Ng3 Rag8 17.Bc2 f5 18.a3 b5 19.b4 Bb6 20.a4 bxa4 21.Bxa4 h5 22.Nd3 Nxd3
23.Rxd3 Kf6 24.h4 Rxg3 25.fxg3 Rxg3 26.Ra2 f4 27.Rf2 Rxe3  0-1

[Event "Open Women Bulgarian Ch"]
[Site "Vratsa BUL"]
[Date "2007.07.26"]
[Round "3"]
[White "Raeva,E"]
[Black "Nikolova,A"]
[Result "1-0"]
[WhiteElo "2215"]
[BlackElo "2234"]

1.d4 Nf6 2.Bg5 c5 3.Bxf6 gxf6 4.d5 Qb6 5.Qc1 f5 6.c4 Na6 7.Nc3 d6 8.e3 Bd7
9.a3 Bg7 10.Bd3 O-O-O 11.Nge2 Nc7 12.Qc2 e6 13.O-O Rhg8 14.b4 cxb4 15.axb4 exd5
16.cxd5 Qxb4 17.Rxa7 Kb8 18.Rb1 Bxc3 19.Rxb4 Bxb4 20.Ra1 Rg5 21.h4 Rg4 22.Bxf5 Bxf5
23.Qxf5 Rdg8 24.g3 f6 25.Rb1 Bc5 26.Nf4 Rxh4 27.Ne6 Na6 28.Nxc5 Nxc5 29.Qxf6 Rc4
30.Qxd6+ Ka7 31.Qc7 Rg6 32.d6 Rxd6 33.Qxd6 Na6 34.Qb6+ Kb8 35.Qxb7+  1-0